"Audience ""attiva"" (L'). Effetti e usi sociali dei media" (Record n. 89355)

Dettagli MARC
000 -LEADER
fixed length control field 01926nam a2200289Ia 4500
001 - CONTROL NUMBER
control field H5554
003 - CONTROL NUMBER IDENTIFIER
control field IT-RoPAU
008 - FIXED-LENGTH DATA ELEMENTS--GENERAL INFORMATION
fixed length control field 130308s9999 xx 000 0 und d
040 ## - CATALOGING SOURCE
Original cataloging agency IT-RoPAU
040 ## - CATALOGING SOURCE
Transcribing agency IT-RoPAU
041 ## - LANGUAGE CODE
Language code of text/sound track or separate title ITALIANO
100 ## - MAIN ENTRY--PERSONAL NAME
Personal name Capecchi Saveria
100 ## - MAIN ENTRY--PERSONAL NAME
Miscellaneous information Codice Aut. SPICS: 43895
245 ## - TITLE STATEMENT
Title "Audience ""attiva"" (L'). Effetti e usi sociali dei media"
245 ## - TITLE STATEMENT
Remainder of title "Audience ""Attiva"" (L'). Effetti e Usi Sociali dei Media"
250 ## - EDITION STATEMENT
Edition statement 1a ed.
260 ## - PUBLICATION, DISTRIBUTION, ETC. (IMPRINT)
Place of publication, distribution, etc. ROMA
260 ## - PUBLICATION, DISTRIBUTION, ETC. (IMPRINT)
Name of publisher, distributor, etc. Carocci
260 ## - PUBLICATION, DISTRIBUTION, ETC. (IMPRINT)
Date of publication, distribution, etc. 2004 [1° Ed.:2004 - Ed.Ling.Originale:2004]
300 ## - PHYSICAL DESCRIPTION
Extent "232 p. (prefazione: no ; testo: 232 [pagine: 0-0])"
500 ## - GENERAL NOTE
General note "Esperienza dei Media di Pina Lalli. Riferimenti Bibliografici. Iterazioni Mediate: Comunicazione faccia a faccia e Comunicazione Mediata; Cambiamentiintrodotti Dai Media nella Vita Quotidiana. teorie Sugli Effetti dei Mediae Modelli Comunicativi: Teoria Ipodermica, Audience Passiva; Teoria Influenza Selettiva, Audience Ostinata (Teoria Persuasione; Teoria Effetti Limitati); Teoria Usi e Gratificazioni, Audience Attiva (Funzioni e Disfunzioni Media; Usi e Gratificazioni del Pubblico); Teoria Critica Versus Ricerca Amministrativa; teorie Effetti a lungo Termine, Costruzione Sociale Realtà (Teoria Spirale del Silenzio; Teoria della Coltivazione; Teoria della Dipendenza; Teoria dell'agenda Setting); Approccio Teorico/Empirico Audience Studies, Audience Situata; Modelli comunicativi (Modello Informazionale; Modelli Semiotici; Encoding/Decoding Model). Usi Sociali dei Media: pubblici dei Media; Usi Sociali della Televisione (Ricerche Sugli Usi femminili della Tv; ricerche Sugli Usi familiari della Tv); Usi Sociali di Internet; Audienceresistente o Condizionata? Bibliografia. indice delle Schede."
650 ## - SUBJECT ADDED ENTRY--TOPICAL TERM
Topical term or geographic name as entry element SOCIOLOGIA DELLA COMUNICAZIONE SOCIALE
650 ## - SUBJECT ADDED ENTRY--TOPICAL TERM
Relator term Codice materia Spics: 3806
942 ## - ADDED ENTRY ELEMENTS (KOHA)
Koha item type LIBRO
957 ## -
-- 1
999 ## - SYSTEM CONTROL NUMBERS (KOHA)
-- 1
Dati di copia
Withdrawn status Lost status Damaged status Not for loan Home library Current library Date acquired Total Checkouts Full call number Date last seen Price effective from Koha item type Public note
    Buone Condizioni Not For Loan SPICS-MEDIATECA SPICS-MEDIATECA 08/03/2013   H5554 08/03/2013 08/03/2013 LIBRO Progressivo inserimento: 13664 / N. Volumi: 1 Copie: 1 / data import: 1 marzo 2013 - By Epidotti, Trombetti, Vaglietti.
CREDITS: SOCIETA' SAN PAOLO Via A.Severo, 58 - ROMA (RM) & PERIODICI SAN PAOLO SRL Via Giotto, 36 MILANO & CISF Via Giotto, 36 MILANO & EDIZIONI SAN PAOLO SRL,  Piazza Soncino, 5 CINISELLO BALSAMO (MI) -- ITALY